000 00277nam a22001337a 4500
008 180213b xxu||||| |||| 00| 0 eng d
020 _a9788570063571
041 _aeng
080 _a610
100 _a4
101 _aSHM
245 _aGlaucoma
_cSusanna, R
942 _2udc
_cBK
999 _c42333
_d42333